LIBRARY & INFORMATION CENTRE, KCAET, TAVANUR

ONLINE PUBLIC ACCESS CATALOGUE (OPAC)

Traditional water harvesting systems / (Record no. 1457)

MARC details
000 -LEADER
fixed length control field 00478cam a2200181ua 4500
003 - CONTROL NUMBER IDENTIFIER
control field OSt
008 - FIXED-LENGTH DATA ELEMENTS--GENERAL INFORMATION
fixed length control field 250804b |||||||| |||| 00| 0 eng d
020 ## - INTERNATIONAL STANDARD BOOK NUMBER
ISBN 81-224-0839-7
041 ## - LANGUAGE CODE
Language code of text/sound track or separate title eng
082 ## - DEWEY DECIMAL CLASSIFICATION NUMBER
Classification number 631.5875
Item number BAR/TR
100 ## - MAIN ENTRY--AUTHOR NAME
Personal name Barah , B C .
245 00 - TITLE STATEMENT
Title Traditional water harvesting systems /
260 ## - PUBLICATION, DISTRIBUTION, ETC. (IMPRINT)
Place of publication New Delhi :
Name of publisher New Age International Ltd ,
Year of publication 1996.
300 ## - PHYSICAL DESCRIPTION
Number of Pages 244 ; .
500 ## - GENERAL NOTE
General note 20198, 20199 SS
700 1# - ADDED ENTRY--PERSONAL NAME
Personal name Uma, Shankari .
942 ## - ADDED ENTRY ELEMENTS (KOHA)
Koha item type Books
Holdings
Withdrawn status Lost status Damaged status Home library Current library Date acquired Full call number Accession Number Koha item type Shelving location
      KAUAET KAUAET 07/04/2012 631.5875 BAR/TR 20199 Books  
      KAUAET KAUAET 07/04/2012 631.5875 BAR/TR 20005 Books  
      KAUAET KAUAET 07/04/2012 631.5875 BAR/TR 20198 Books Scheme
      KAUAET KAUAET 07/04/2012 631.5875 BAR/TR 19776 Books  
free website counter